| 000 | 01496nam a2200445 c 4500 | ||
|---|---|---|---|
| 001 | 11811 | ||
| 003 | ES-MaCES | ||
| 005 | 20250121040009.0 | ||
| 008 | 010315s2000 sp t o100 | spa d | ||
| 017 |
_aM 46070-2000 _bDL |
||
| 024 | 7 |
_a207-00-035-4 _2nipo |
|
| 035 | _aCES20010003036m | ||
| 040 |
_aES-MaCES _bspa _cES-MaCES |
||
| 111 | 2 |
_aCongreso Europeo de Mujeres Rurales _d1999 _cMadrid _9637 |
|
| 245 | 1 | 0 |
_aCongreso Europeo de Mujeres Rurales _b: Madrid, 16 y 17 de diciembre de 1999 : ponencias e intervenciones en mesas redondas |
| 260 |
_aMadrid _bInstituto de la Mujer _c2000 |
||
| 300 |
_a221 p. _c30 cm |
||
| 490 | 1 |
_aDebate _v27 |
|
| 500 | _aCofinanciado por el Fondo Social Europeo | ||
| 541 | _cGratuito | ||
| 650 | 4 |
_amujeres rurales _929429 |
|
| 650 | 4 |
_atrabajadora _928413 |
|
| 650 | 4 |
_aempleo agrícola _929488 |
|
| 650 | 4 |
_aempresaria _930568 |
|
| 650 | 4 |
_adesarrollo rural _928607 |
|
| 650 | 4 |
_aeconomía rural _929761 |
|
| 650 | 4 |
_acomercialización _928269 |
|
| 650 | 4 |
_apotenciación de las mujeres _930610 |
|
| 650 | 4 |
_atoma de decisiones _928194 |
|
| 650 | 4 |
_aeducación de la mujer _927368 |
|
| 650 | 4 |
_aEuropa _926940 |
|
| 650 | 4 |
_aconferencia _927013 |
|
| 653 | 1 | 0 | _aMujer |
| 710 | 2 |
_aInstituto de la Mujer (España) _eed. _94190 |
|
| 710 | 2 |
_aFondo Social Europeo _93639 |
|
| 830 | 0 |
_aDebate (Instituto de la Mujer (España)) _v27 _932789 |
|
| 902 | _aLIB Libro | ||
| 942 |
_2CES _cBK _h3.3. |
||
| 999 |
_c11811 _d11811 |
||